It looks like you're offline.
Open Library logo
additional options menu

MARC record from Internet Archive

LEADER: 01982nam a2200493 a 4500
001 3213306
007 he amb---bbcp
007 he bmb---baap
008 840503s1849 nyuab b 000 0 eng d
020 $a0665360347
035 $aocn317913824
040 $aCaOOCIHM$beng$dAEU
043 $an-us-or$an-usp--
082 0 $a917.95$219
090 $aFC 02 0203 no. 36034$bAEU
100 1 $aIrving, Washington,$d1783-1859
245 10 $aAstoria, or, Anecdotes of an enterprise beyond the Rocky Mountains$h[microform] /$cby Washington Irving.
250 $aAuthor's rev. ed.
260 $aNew York :$bG.P. Putman,$c1849.
300 $a6 microfiches (279 fr.) :$bill., map.
490 1 $aCIHM/ICMH Microfiche series = CIHM/ICMH collection de microfiches ;$vno. 36034
500 $a"Complete in one volume."
500 $aAdded t.p.: The works of Washington Irving, New edition, revised, Vol. VIII, Astoria.
533 $aFilmed from a copy of the original publication held by the National Library of Canada.$bOttawa :$cCanadian Institute for Historical Microreproductions,$d1982.
534 $evii, 519 p. : ill., map ; 20 cm.
596 $a43
610 20 $aPacific Fur Company.
610 26 $aPacific Fur Company.
650 0 $aFur trade$zOregon.
650 0 $aOverland journeys to the Pacific.
650 0 $aIndians of North America$zOregon.
650 6 $aFourrures$xCommerce$zOrégon.
650 6 $aVoyages par terre jusqu'au Pacifique.
650 6 $aIndiens$zAmérique du Nord$zOrégon.
651 0 $aAstoria (Or.).
651 0 $aOregon$xDescription and travel.
651 0 $aNorthwestern States$xDescription and travel.
651 6 $aAstoria (Orégon).
651 6 $aOrégon$xDescriptions et voyages.
651 6 $aÉtats du Nord-Ouest (États-Unis)$xDescriptions et voyages.
830 0 $aCIHM/ICMH microfiche series ;$vno. 36034
949 $hUAHS-MF$zCIHMMPRE
016 $a 846216353
926 $aUAHSS$bMICROFICHE$cFC 02 0203 no. 36034$dMICROFORM$f1